Southville International School and Colleges
Your cart is empty.
  • Cart
  • Lists
    Public lists Eva Luna New books Lux_list list_1
    Your lists Log in to create your own lists
  • Log in to your account
  • Your cookies
  • Search history
Southville International School and Colleges
  • Advanced search
  • Recent comments
  • Most popular
  • Libraries

Log in to your account

Log in with GOOGLE


If you do not have an external account, but do have a local account, you can still log in:

  1. Home
  2. MARC view: Analysis and its applications /
Normal view MARC view ISBD view

Analysis and its applications / (Record no. 48636)

[ view plain ]
MARC details
000 -LEADER
fixed length control field 00541nam a2200169Ia 4500
008 - FIXED-LENGTH DATA ELEMENTS--GENERAL INFORMATION
fixed length control field 140321s9999 xx 000 0 und d
020 ## - INTERNATIONAL STANDARD BOOK NUMBER
International Standard Book Number 9788184872156
050 ## - LIBRARY OF CONGRESS CALL NUMBER
Classification number QA 300
Item number .An532 2013
245 ## - TITLE STATEMENT
Title Analysis and its applications /
Statement of responsibility, etc edited by : Rais Ahmad,Qamrul Hasan Ansari and Mohammad Imdad.
260 ## - PUBLICATION, DISTRIBUTION, ETC. (IMPRINT)
Place of publication, distribution, etc New Delhi :
Name of publisher, distributor, etc Narosa Publishing House,
Date of publication, distribution, etc c2013.
300 ## - PHYSICAL DESCRIPTION
Extent 191 p. :
Dimensions 25 cm.
500 ## - GENERAL NOTE
General note Includes bibliographical references.
521 ## - TARGET AUDIENCE NOTE
Target audience note
650 ## - SUBJECT ADDED ENTRY--TOPICAL TERM
Topical term or geographic name as entry element Mathematical analysis.
942 ## - ADDED ENTRY ELEMENTS (KOHA)
Call number prefix Foreign
Koha item type Books
Holdings
Withdrawn status Lost status Damaged status Home library Current library Shelving location Date acquired Total Checkouts Full call number Barcode Date last seen Price effective from Koha item type
      College Library College Library Reserve Section 03/21/2014   QA 300 .An532 2013 C17919 10/30/2014 03/21/2014 Books

Analysis and its applications /

APA

(2013). Analysis and its applications. New Delhi: Narosa Publishing House.

Chicago

2013. Analysis and its applications. New Delhi: Narosa Publishing House.

Harvard

(2013). Analysis and its applications. New Delhi: Narosa Publishing House.

MLA

Analysis and its applications. New Delhi: Narosa Publishing House. 2013.

  • Place hold
  • Print
  • Cite
  • Add to your cart (remove)
  • Save record
    BIBTEX Dublin Core MARCXML MARC (non-Unicode/MARC-8) MARC (Unicode/UTF-8) MARC (Unicode/UTF-8, Standard) MODS (XML) RIS
  • More searches
    Search for this title in:
    Other Libraries (WorldCat) Other Databases (Google Scholar) Online Stores (Bookfinder.com) Open Library (openlibrary.org)

Exporting to Dublin Core...

SOUTHVILLE LIBRARY

Southville International School and Colleges Library

1281 Tropical Ave. Cor. Luxembourg St., BF Homes International, Las Pinas City

Tel. No. 8256374 / 252358 Loc. 117/146

Powered by Koha